| 000 -LEADER |
| fixed length control field |
00587nam a2200217 a 4500 |
| 003 - CONTROL NUMBER IDENTIFIER |
| control field |
OSt |
| 005 - DATE AND TIME OF LATEST TRANSACTION |
| control field |
20190724143049.0 |
| 008 - FIXED-LENGTH DATA ELEMENTS--GENERAL INFORMATION |
| fixed length control field |
060309t20052004enk d 000 1 eng d |
| 020 ## - INTERNATIONAL STANDARD BOOK NUMBER |
| International Standard Book Number |
9781842554982 |
| 020 ## - INTERNATIONAL STANDARD BOOK NUMBER |
| International Standard Book Number |
1842554980 |
| 040 ## - CATALOGING SOURCE |
| Modifying agency |
CaOL |
| Language of cataloging |
eng |
| Transcribing agency |
KH8 |
| 082 ## - DEWEY DECIMAL CLASSIFICATION NUMBER |
| Classification number |
FIC LEG |
| 100 1# - MAIN ENTRY--PERSONAL NAME |
| Personal name |
Le Guin, Ursula K., |
| Dates associated with a name |
1929- |
| 245 10 - TITLE STATEMENT |
| Title |
Gifts / |
| Statement of responsibility, etc. |
Ursula Le Guin. |
| 260 ## - PUBLICATION, DISTRIBUTION, ETC. |
| Place of publication, distribution, etc. |
London : |
| Name of publisher, distributor, etc. |
Orion Children's Books, |
| Date of publication, distribution, etc. |
2005, c2004. |
| 300 ## - PHYSICAL DESCRIPTION |
| Extent |
274 p. |
| Dimensions |
20 cm. |
| 490 0# - SERIES STATEMENT |
| Series statement |
Annals of the Western Shore , |
| Volume/sequential designation |
1 |
| 655 #0 - INDEX TERM--GENRE/FORM |
| Genre/form data or focus term |
Fantasy fiction. |
| 700 ## - ADDED ENTRY--PERSONAL NAME |
| Relator term |
Illustrator |
| Personal name |
Wyatt, David |
| 942 ## - ADDED ENTRY ELEMENTS (KOHA) |
| Source of classification or shelving scheme |
|
| Koha item type |
Books - Fiction |